| 000 | 00933cam a22001934a 4500 | ||
|---|---|---|---|
| 005 | 20250605163940.0 | ||
| 008 | 250528s ||||||||||||||||||||||||d | ||
| 035 | _a14980 | ||
| 020 | _a139402632 | ||
| 040 |
_aGR-AtMCL _bgre _dGR-AtMCL _eAACR2 |
||
| 245 | 1 | _aUsing the Structured Techniques / A Case Study | |
| 260 |
_bYourdon Press, _c1987 |
||
| 300 | _a252 | ||
| 520 | _aThis book offers important practice in taking an application completely through information modeling, structured analysis, and structured design before trying structured development on the job. Introduction, The Project Assignment, The Project Scope, Data Dictionary, The Information Model, The Refined Information Model, The Process Model, The Refined Process Model, The Detailed Process Model, The Design Model, The Packaged Model, The Maintenance Request, Index. | ||
| 700 | 1 |
_aWeaver M. Audrey _9801 |
|
| 942 | _cBK | ||
| 999 |
_c589 _d589 |
||